A reális nevelés

Elmentve itt :
Bibliográfiai részletek
Szerző: Sebesztha Károly
Adatforrás:Philobibl
Forrásdokumentuma:Magyar Philosophiai Szemle/5. évf
1886., 261-291. p.
Dokumentumtípus: Cikk
Nyelv:magyar
LEADER 00350nab a2200109 c 4500
001 bibDOK00010791
005 20200924120626.9
008 060518s1886 hu hun
100 1 |a Sebesztha Károly 
245 1 2 |a A reális nevelés  |c Sebesztha Károly 
500 |a Előzmény: 5. évf. 1886. 161-208. pp. 
773 0 |t Magyar Philosophiai Szemle/5. évf  |g 1886., 261-291. p.